<?xml version="1.0" encoding="UTF-8"?>
<record
    xmlns:xsi="http://www.w3.org/2001/XMLSchema-instance"
    xsi:schemaLocation="http://www.loc.gov/MARC21/slim http://www.loc.gov/standards/marcxml/schema/MARC21slim.xsd"
    xmlns="http://www.loc.gov/MARC21/slim">

  <leader>02515nam a22002417a 4500</leader>
  <controlfield tag="003">BJBSDDR</controlfield>
  <controlfield tag="005">20260513130413.0</controlfield>
  <controlfield tag="007">ta</controlfield>
  <controlfield tag="008">260513s2018    nyu||||| |||| 00| 0 eng d</controlfield>
  <datafield tag="020" ind1=" " ind2=" ">
    <subfield code="a">9780691166995</subfield>
  </datafield>
  <datafield tag="020" ind1=" " ind2=" ">
    <subfield code="a">0691166994</subfield>
  </datafield>
  <datafield tag="040" ind1=" " ind2=" ">
    <subfield code="b">spa </subfield>
    <subfield code="c">BJBSDDR</subfield>
  </datafield>
  <datafield tag="041" ind1=" " ind2=" ">
    <subfield code="a">eng </subfield>
  </datafield>
  <datafield tag="050" ind1=" " ind2=" ">
    <subfield code="b">H481 2018</subfield>
  </datafield>
  <datafield tag="100" ind1="1" ind2=" ">
    <subfield code="a">Helmreich, William B</subfield>
    <subfield code="9">48419</subfield>
  </datafield>
  <datafield tag="245" ind1="1" ind2="4">
    <subfield code="a">The Manhattan nobody knows :</subfield>
    <subfield code="b">an urban walking guide / </subfield>
    <subfield code="c">William B. Helmreich</subfield>
  </datafield>
  <datafield tag="260" ind1=" " ind2=" ">
    <subfield code="a">New York : </subfield>
    <subfield code="b">Princeton University Press,</subfield>
    <subfield code="c">2018</subfield>
  </datafield>
  <datafield tag="300" ind1=" " ind2=" ">
    <subfield code="a">xxii, 354 pages :</subfield>
    <subfield code="b">illustrations ; </subfield>
    <subfield code="c">21 cm</subfield>
  </datafield>
  <datafield tag="505" ind1=" " ind2=" ">
    <subfield code="a">Marble Hill -- Inwood -- Washington Heights -- Hamilton Heights -- Manhattanville -- Morningside Heights -- Central Harlem -- East Harlem -- Upper West Side -- Upper East Side -- Central Park -- Roosevelt Island -- Clinton (Hell's Kitchen) -- Chelsea -- Central Midtown -- Midtown East -- West Village -- Greenwich Village -- East Village -- Lower East Side -- Soho -- Hudson Square.</subfield>
  </datafield>
  <datafield tag="520" ind1=" " ind2=" ">
    <subfield code="a">a Bill Helmreich walked every block of New York City -- six-thousand miles in all -- to write the award-winning The New York Nobody Knows. Now he has re-walked most of Manhattan -- 721 miles -- to write this new, one-of-a-kind walking guide to the heart of one of the world's greatest cities. Drawing on hundreds of conversations he had with residents during his block-by-block journey, The Manhattan Nobody Knows captures the unique magic and excitement of the island and highlights hundreds of facts, places, and points of interest that you won't find in any other guide. The guide covers every one of Manhattan's thirty-one distinct neighborhoods, from Marble Hill to the Financial District, providing a colorful portrait of each area's most interesting, unusual, and unfamiliar people, places, and things. Along the way you'll be introduced to an elderly Inwood man who lives in a cave; a Greenwich Village townhouse where Weathermen terrorists set up a bomb factory; a Harlem apartment building whose residents included W.E.B. DuBois and Thurgood Marshall; a tiny community garden attached to the Lincoln Tunnel; a Washington Heights pizza joint that sells some of the biggest slices in town; the story behind the "Birdman" of Washington Square Park; and much, much more. An unforgettably vivid chronicle of today's Manhattan, the book can also be enjoyed without ever leaving home -- but it's almost guaranteed to inspire you to get out and explore this fascinating metropolis</subfield>
  </datafield>
  <datafield tag="942" ind1=" " ind2=" ">
    <subfield code="2">lcc</subfield>
    <subfield code="n">0</subfield>
    <subfield code="c">BK</subfield>
  </datafield>
  <datafield tag="946" ind1=" " ind2=" ">
    <subfield code="i">cmc </subfield>
  </datafield>
  <datafield tag="999" ind1=" " ind2=" ">
    <subfield code="c">127078</subfield>
    <subfield code="d">127078</subfield>
  </datafield>
  <datafield tag="952" ind1=" " ind2=" ">
    <subfield code="0">0</subfield>
    <subfield code="1">0</subfield>
    <subfield code="2">lcc</subfield>
    <subfield code="4">0</subfield>
    <subfield code="7">0</subfield>
    <subfield code="8">APT</subfield>
    <subfield code="a">BJB</subfield>
    <subfield code="b">BJB</subfield>
    <subfield code="c">APT</subfield>
    <subfield code="d">2026-05-13</subfield>
    <subfield code="l">0</subfield>
    <subfield code="o">H481 2018</subfield>
    <subfield code="p">00000199792</subfield>
    <subfield code="r">2026-05-13 13:04:54</subfield>
    <subfield code="t">1</subfield>
    <subfield code="w">2026-05-13</subfield>
    <subfield code="y">BK</subfield>
  </datafield>
</record>
